Japan; selected readings

Uloženo v:
Podrobná bibliografie
Médium: Kniha
Jazyk:Undetermined
Vydáno: Boston Houghton Mifflin 1968
Témata:
Tagy: Přidat tag
Žádné tagy, Buďte první, kdo otaguje tento záznam!
Thư viện lưu trữ: Trung tâm Học liệu Trường Đại học Cần Thơ
LEADER 00469nam a2200181Ia 4500
001 CTU_114891
008 210402s9999 xx 000 0 und d
082 |a 915.203 
082 |b J35 
245 0 |a Japan; selected readings 
245 0 |c Edited and annotated by Hyman Kublin 
260 |a Boston 
260 |b Houghton Mifflin 
260 |c 1968 
650 |a Japan 
650 |x History 
904 |i M.Loan 
980 |a Trung tâm Học liệu Trường Đại học Cần Thơ